Globalisation of real estate market and its impact on institutional and urban change in Klang Valley

Bibliographic Details
Main Author: Maziah Ismail, Prof. Dr. Hjh
Format: Book
Published: 2006
Subjects:

MARC

LEADER 00000cam a2200000 7i4500
001 0000020078
005 20070910.0
040 |a INS 
090 0 0 |a Research 252 
100 1 |a Maziah Ismail, Prof. Dr. Hjh. 
245 1 0 |a Globalisation of real estate market and its impact on institutional and urban change in Klang Valley   |c Prof. Dr. Hjh. Maziah Ismail 
260 |c 2006 
300 |a xxiv, 332 p. :   |b ill., col. ;   |c 30 cm. 
650 0 0 |a Real estate business   |x Marketing 
650 0 0 |a Real estate business   |z Klang Velley 
999 |a RES0000364   |b BOOK   |c Course Notes   |e Default branch 
999 |a RES0000365   |b BOOK   |c Course Notes   |e Default branch